[Event "Berlin Lichtenberger op 14th"]
[Site "Berlin"]
[Date "2015.08.23"]
[Round "9"]
[White "Bauer, Siegfried"]
[Black "Lange, Johannes Friedrich"]
[Result "1/2-1/2"]
[WhiteElo "1633"]
[BlackElo "1506"]
[PlyCount "94"]
[EventDate "2015.08.15"]
[EventType "swiss"]
[EventRounds "9"]
[EventCountry "GER"]
[SourceTitle "EXT 2016"]
[Source "ChessBase"]
[SourceDate "2015.10.08"]
[SourceVersion "1"]
[SourceVersionDate "2015.10.08"]
[SourceQuality "1"]

1. Nf3 d5 2. d4 Nf6 3. Nbd2 Bf5 4. e3 e6 5. Be2 Bd6 6. Ne5 Nbd7 7. f4 Ne4 8. Ndf3 Nxe5 9. dxe5 Bc5 10. 0-0 Qe7 11. c3 0-0 12. Qe1 Rad8 13. Nd4 Bg6 14. b4 Bb6 15. a4 a6 16. a5 Ba7 17. b5 axb5 18. Nxb5 Bc5 19. Nd4 Ra8 20. Nb3 Ba7 21. a6 bxa6 22. Bxa6 c5 23. Be2 c4 24. Nd4 Bxd4 25. Rxa8 Bxe3+ 26. Bxe3 Rxa8 27. Bd4 h6 28. g3 Ra2 29. Bg4 Rc2 30. Qa1 Qb7 31. Rb1 Qc6 32. Rb6 Qc8 33. Bd1 Rd2 34. Be3 Qd8 35. Ra6 Rxd1+ 36. Qxd1 Qb8 37. Rb6 Qa8 38. Qc1 Qa2 39. Rb2 Qa5 40. Bd4 Nc5 41. Rb8+ Kh7 42. Bxc5 Qxc5+ 43. Kg2 Be4+ 44. Kh3 Bf5+ 45. Kg2 Be4+ 46. Kh3 Bf5+ 47. Kg2 Be4+ 1/2-1/2

[Event "Berlin Lichtenberger op 14th"]
[Site "Berlin"]
[Date "2015.08.16"]
[Round "2"]
[White "Bauer, Siegfried"]
[Black "Bandsom, Olaf"]
[Result "0-1"]
[WhiteElo "1633"]
[BlackElo "1802"]
[PlyCount "130"]
[EventDate "2015.08.15"]
[EventType "swiss"]
[EventRounds "9"]
[EventCountry "GER"]
[SourceTitle "EXT 2016"]
[Source "ChessBase"]
[SourceDate "2015.10.08"]
[SourceVersion "1"]
[SourceVersionDate "2015.10.08"]
[SourceQuality "1"]

1. Nf3 Nf6 2. d4 d5 3. Nbd2 g6 4. e3 Bg7 5. Be2 0-0 6. Ne5 Nfd7 7. f4 e6 8. 0-0 c5 9. c3 Nc6 10. Qe1 cxd4 11. Nxc6 bxc6 12. cxd4 c5 13. Nf3 cxd4 14. exd4 Qb6 15. Qf2 Nf6 16. Kh1 Ne4 17. Qg1 Bb7 18. Bd3 Rfd8 19. a3 Rac8 20. Re1 Rc7 21. Re2 Rdc8 22. Be3 Qb3 23. Qd1 Qb6 24. Bg1 Qd6 25. g3 Ba6 26. Ne5 f6 27. Nf3 Bc4 28. Bxc4 Rxc4 29. Be3 Qb6 30. Rb1 a6 31. Rg2 Qc6 32. h4 Qd6 33. Rc1 Rxc1 34. Bxc1 Qd7 35. Be3 Nd6 36. Kh2 Nc4 37. Bg1 Rb8 38. Qa1 Qa4 39. Qe1 Kf7 40. Qc1 Rb7 41. g4 Qb3 42. Ne1 Nxb2 43. Qc6 Qb6 44. Qc5 Nc4 45. a4 Rc7 46. Qxb6 Nxb6 47. a5 Nc4 48. Ra2 Bf8 49. Nd3 Bd6 50. Kh3 Nxa5 51. Nc5 Nb7 52. Rxa6 Nxc5 53. Rxd6 Ne4 54. Ra6 Rc3+ 55. Kh2 Rc2+ 56. Kh3 g5 57. Ra7+ Kg6 58. f5+ exf5 59. h5+ Kh6 60. gxf5 g4+ 61. Kh4 Rc3 62. Kxg4 Rg3+ 63. Kh4 Rxg1 64. Ra3 Nf2 65. Rg3 Rh1+ 0-1

[Event "Berlin Lichtenberger op 14th"]
[Site "Berlin"]
[Date "2015.08.15"]
[Round "1"]
[White "Kutschke, Jens"]
[Black "Bauer, Siegfried"]
[Result "1-0"]
[WhiteElo "1975"]
[BlackElo "1633"]
[PlyCount "89"]
[EventDate "2015.08.15"]
[EventType "swiss"]
[EventRounds "9"]
[EventCountry "GER"]
[SourceTitle "EXT 2016"]
[Source "ChessBase"]
[SourceDate "2015.10.08"]
[SourceVersion "1"]
[SourceVersionDate "2015.10.08"]
[SourceQuality "1"]

1. e4 c5 2. Nf3 e6 3. d4 cxd4 4. Nxd4 a6 5. Be3 b5 6. Bd3 Bb7 7. 0-0 Nf6 8. Nd2 Be7 9. f4 h5 10. Kh1 Nc6 11. Qe2 Rc8 12. c3 Ng4 13. Bg1 Bc5 14. Nxe6 dxe6 15. Bxc5 Ne7 16. b4 g6 17. h3 Nh6 18. Nf3 0-0 19. Rad1 Qe8 20. Nh4 Kh7 21. f5 exf5 22. exf5 Nexf5 23. Qf2 Nxh4 24. Qxh4 Qc6 25. Qf2 Rg8 26. Be2 Qe6 27. Kg1 Rge8 28. Bd3 f5 29. Bc2 Rcd8 30. Rxd8 Rxd8 31. Re1 Be4 32. Qf4 Qxa2 33. Bxe4 fxe4 34. Rxe4 Rd1+ 35. Kh2 Rd7 36. Re8 Qf7 37. Qb8 Ng8 38. Bd4 g5 39. Rf8 Qc4 40. Qe8 Rxd4 41. cxd4 Qc7+ 42. Kg1 Qc1+ 43. Rf1 Qc4 44. Rf7+ Kh6 45. Qf8+ 1-0